<?xml version="1.0" encoding="UTF-8"?>
<collection xmlns="http://www.loc.gov/MARC21/slim">
<record>
  <controlfield tag="001">142541</controlfield>
  <controlfield tag="005">20221214062505.0</controlfield>
  <datafield tag="024" ind1="7" ind2=" ">
    <subfield code="2">HGFVOC</subfield>
    <subfield code="a">LIC:(DE-HGF)CCBYSA3AU</subfield>
  </datafield>
  <datafield tag="035" ind1=" " ind2=" ">
    <subfield code="a">LIC:(DE-HGF)CCBYSA3AU</subfield>
  </datafield>
  <datafield tag="150" ind1=" " ind2=" ">
    <subfield code="a">Creative Commons Attribution-ShareAlike CC BY-SA 3.0 AU</subfield>
  </datafield>
  <datafield tag="680" ind1=" " ind2=" ">
    <subfield code="a">This license lets others remix, tweak, and build upon your work even for commercial purposes, as long as they credit you and license their new creations under the identical terms. This license is often compared to “copyleft” free and open source software licenses. All new works based on yours will carry the same license, so any derivatives will also allow commercial use. This is the license used by Wikipedia, and is recommended for materials that would benefit from incorporating content from Wikipedia and similarly licensed projects.</subfield>
  </datafield>
  <datafield tag="856" ind1="4" ind2=" ">
    <subfield code="u">https://creativecommons.org/licenses/by-sa/3.0/au</subfield>
    <subfield code="y">License Deed</subfield>
  </datafield>
  <datafield tag="856" ind1="4" ind2=" ">
    <subfield code="u">https://creativecommons.org/licenses/by-sa/3.0/au/legalcode</subfield>
    <subfield code="y">Legal Code</subfield>
  </datafield>
  <datafield tag="909" ind1="C" ind2="O">
    <subfield code="o">oai:juser.fz-juelich.de:908936</subfield>
    <subfield code="p">authority:HGFVOC</subfield>
    <subfield code="p">authority</subfield>
  </datafield>
  <datafield tag="980" ind1=" " ind2=" ">
    <subfield code="a">HGFVOC</subfield>
  </datafield>
  <datafield tag="980" ind1=" " ind2=" ">
    <subfield code="a">AUTHORITY</subfield>
  </datafield>
  <datafield tag="909" ind1="C" ind2="O">
    <subfield code="o">oai:juser.fz-juelich.de:908936</subfield>
  </datafield>
</record>
</collection>